Countries of Africa With No Repeating Vowels Quiz Stats

 Plays Quiz Updated Dec 2, 2017

Score 0/12 Timer 03:00
0 Plays Today
Country % Correct
Egypt
94.9%
Chad
88.2%
Kenya
84.7%
Niger
84.3%
Libya
83.8%
Sudan
83.7%
Mali
83%
Gabon
69.2%
Guinea
68.8%
Benin
68.2%
Zimbabwe
60%
Mozambique
54.4%

You're not logged in!

Compare scores with friends on all Sporcle quizzes.
OR
Log In

Show Comments

Extras

Top Quizzes Today


Score Distribution

Your Account Isn't Verified!

In order to create a playlist on Sporcle, you need to verify the email address you used during registration. Go to your Sporcle Settings to finish the process.

Report this User

Report this user for behavior that violates our Community Guidelines.

Details: